Govt. of
Madhya Pradesh

Normal view MARC view

Entry Topical Term

Number of records used in: 1

001 - CONTROL NUMBER

  • control field: 28292

003 - CONTROL NUMBER IDENTIFIER

  • control field: OSt

005 - DATE AND TIME OF LATEST TRANSACTION

  • control field: 20160105165649.0

008 - FIXED-LENGTH DATA ELEMENTS

  • fixed length control field: 160105|| aca||aabn | a|a d

040 ## - CATALOGING SOURCE

  • Original cataloging agency: OSt
  • Transcribing agency: OSt

150 ## - HEADING--TOPICAL TERM

  • Topical term or geographic name entry element: Story

670 ## - SOURCE DATA FOUND

  • Source citation: Work cat.: (OSt)37969: Moss, Geoffrey 28291, Sweet Pepper, 1923